Statistics for Top 15 Countries with Covid-19 Deaths - 15 October

Click here to take the quiz!

General Stats

  • This quiz has been taken 10 times
  • The average score is 16 of 20

Answer Stats

country% Correct
Brazil
100%
France
100%
Mexico
100%
Russia
100%
Spain
100%
United Kingdom
100%
United States
100%
Argentina
89%
Chile
89%
Colombia
89%
Italy
89%
Bolivia
78%
Iran
78%
Peru
78%
South Africa
78%
Ecuador
67%
India
67%
Sweden
56%
Belgium
44%
Panama
44%

Score Distribution

Percentile by Number Answered

Percent of People with Each Score

Your Score History

You have not taken this quiz